KRIYATAMAK AUOSADHI PARICHYA VIGYAN (Record no. 8304)

MARC details
000 -LEADER
fixed length control field 00342nam a22001457a 4500
003 - CONTROL NUMBER IDENTIFIER
control field SGT
082 ## - DEWEY DECIMAL CLASSIFICATION NUMBER
Classification number 615
Item number K14D
100 ## - MAIN ENTRY--PERSONAL NAME
Personal name DIWEDI, VISWANATHAN
245 ## - TITLE STATEMENT
Title KRIYATAMAK AUOSADHI PARICHYA VIGYAN
260 ## - PUBLICATION, DISTRIBUTION, ETC. (IMPRINT)
Place of publication, distribution, etc VANARAS
Name of publisher, distributor, etc CHAUKHAMBHA
Year of Publication 2014
300 ## - PAGE DESCRIPTION
No. of Pages 264
650 ## - SUBJECT ADDED ENTRY--TOPICAL TERM
Topical term or geographic name as entry element KRIYATAMAK AUOSADHI
653 ## - KEYWORDS--INDEX TERM
Keyword term KRIYATAMAK AUOSADHI
942 ## - ADDED ENTRY ELEMENTS (KOHA)
Source of classification or shelving scheme Dewey Decimal Classification
Koha item type Books
Holdings
Withdrawn status Lost status Source of classification or shelving scheme Damaged status Use restrictions Not for loan Collection code Home library Current library Shelving location Date acquired Vendor Name Cost, normal purchase price SGTU Bill Number Full call number Accession No. (Barcode) Date last seen Bill Date Koha item type Total Checkouts Date last borrowed
    Dewey Decimal Classification   Restricted Access   AYURVEDA SGT FA-FP Library SGT FA-FP Library Reference Book 04/03/2016 CHAUKHAMBHA PUB 195.00 SGTU CP/B/724 615 K14D FA2921 04/03/2016 16/12/2015 Books    
    Dewey Decimal Classification       AYURVEDA SGT FA-FP Library SGT FA-FP Library Text Book 04/03/2016 CHAUKHAMBHA PUB 195.00 SGTU CP/B/724 615 K14D FA2922 04/03/2016 16/12/2015 Books    
    Dewey Decimal Classification       AYURVEDA SGT FA-FP Library SGT FA-FP Library Text Book 04/03/2016 CHAUKHAMBHA PUB 195.00 SGTU CP/B/724 615 K14D FA2923 04/03/2016 16/12/2015 Books    
    Dewey Decimal Classification       AYURVEDA SGT FA-FP Library SGT FA-FP Library Text Book 04/03/2016 CHAUKHAMBHA PUB 195.00 SGTU CP/B/724 615 K14D FA2924 04/03/2016 16/12/2015 Books    
    Dewey Decimal Classification       AYURVEDA SGT FA-FP Library SGT FA-FP Library Text Book 04/03/2016 CHAUKHAMBHA PUB 195.00 SGTU CP/B/724 615 K14D FA2925 12/11/2018 16/12/2015 Books 1 01/11/2018